00757nam a22002297a 4500003000900000005001700009008003300026020001800059040002200077082001500099245010500114260003000219300002700249490001300276700002500289830001300314942001200327945002800339952010500367956004000472999001500512DO-SdBNP20180223152644.0151210b 1991 sp a 00| 0 spa d a9788430572540 aBPMSUbspacBPMSU 4axxxxbxxxx04aLos dinosaurios :bpara que los conozcan los niños de 5 a 8 años /cilustraciones Lindsey Selley aMadrid :bSusaeta,c1991. a22 p. :bil. ;c30 cm.1 aZoomundo12aSelley, Linsey,eil. 0aZoomundo 2ddccBK aInventariado, 2018 / BT 00102ddc40708CI-GaBPMETbBPMETd2015-12-10eFUNDIl0pBPMSU15120135r2015-12-10w2015-12-10yBK aBTSVSREZb10d20151210fBPMSUh0038 c9098d9098